Szilágyi Jánosné Sebők Judith költeményei szívtől a szívig, földtől az égig /

Elmentve itt :
Bibliográfiai részletek
Szerző: Szilágyi Jánosné Sebők Judith
Dokumentumtípus: Könyv
Megjelent: Traub B. és Társa Szeged, Magyarország 1926
Kulcsszavak:Magyar irodalom - vers
Tárgyszavak:
Online Access:http://misc.bibl.u-szeged.hu/58205
LEADER 00773nam a2200193 i 4500
001 misc58205
005 20210618081121.0
008 210618s1926 hu o 0|| hun d
040 |a SZTE Miscellanea Repozitórium  |b hun 
041 |a hun 
100 2 |a Szilágyi Jánosné Sebők Judith 
245 1 0 |a Szilágyi Jánosné Sebők Judith költeményei   |h [elektronikus dokumentum] :  |b szívtől a szívig, földtől az égig /  |c  Szilágyi Jánosné Sebők Judith 
260 |a Traub B. és Társa  |b Szeged, Magyarország  |c 1926 
300 |a 224 p.  |c 21 cm 
650 4 |a Bölcsészettudományok 
650 4 |a Nyelvek és irodalom 
650 4 |a Általános irodalomtudományok 
695 |a Magyar irodalom - vers 
856 4 0 |u http://misc.bibl.u-szeged.hu/58205/1/xb_238598.pdf  |z Dokumentum-elérés